000 01251nam a22003497a 4500
003 CHAP
005 20220817044540.0
008 120906s2011 it rn 00010 eng d
010 _a103878
011 _a104850
020 _a9789251070451
035 _a115540
040 _cCHAP
082 0 4 _a639.2
_bF46y v.983
110 2 _aFAO
245 1 0 _aReport of the FAO Workshop on governance of tenure for responsible capture fisheries. Rome, 4-6 July 2011
_c/por FAO
260 _aRoma :
_bFAO,
_c2011
300 _av, 34 p.
490 0 _aFAO. Informe de pesca y acuicultura
_v; 983
590 _aBATCH-UPD
_b10
_c20130110
_lUCH01
_h1415
590 _aBATCH-UPD
_b10
_c20130410
_lUCH01
_h0654
590 _aBATCH-UPD
_b10
_c20130914
_lUCH01
_h1350
590 _aCONVERSION
_b10
_c20130109
_lUCH01
_h1357
650 4 _aAdministracion pesquera.
_9933
650 4 _aPesca
_xCongresos.
_987371
650 4 _aPesca
_xleyes y legislación.
_987398
711 2 _aFAO Workshop on Governance of Tenure for Responsible Capture Fisheries
_d(2011 :
_cRome, Italy)
_939437
830 1 0 _aFAO. Informe de pesca y acuicultura
_v; 983
_939588
901 _aBK
942 _cLIBRO
949 _a639.2 F46y v.983
_bBC
_cFAO
_d33724002345801
_eFAO1
_gDonaciØn
_h117345
_i115540
_st
999 _c103878
_d103878